000
003210000a22001450004500
003
MACL
040
_a
MACL
090
_c
33530
_d
33528
100
_a
Bhardwaj, K K
245
_a
Public Accounting and Auditing
260
_b
Mittal Publications
_c
2002
350
_a
295
650
_a
Accounting
942
_c
BOOK
_k
657.45/BHA
999
_c
33179
_d
33179